Top 25 DC Comic Heroes - Statistics

General Stats
  • This quiz has been taken 775 times
  • The average score is 15 of 25
Answer Stats
Hint Answer % Correct
1 Batman
100%
2 Superman
100%
4 Flash
97%
3 Wonder Woman
96%
5 Green Lantern
91%
12 Robin
91%
7 Aquaman
87%
6 Green Arrow
84%
14 Cyborg
82%
8 Nightwing
74%
10 Martian Manhunter
73%
21 Supergirl
72%
16 Batgirl
69%
9 Captain Marvel
64%
11 Black Canary
55%
13 Hawkgirl
55%
18 Atom
46%
19 Catwoman
43%
25 Zatanna
37%
23 Red Tornado
28%
15 Booster Gold
27%
22 Dr Fate
27%
20 Huntress
23%
24 Question
12%
17 Jonah Hex
9%
No matching quizzes found
Score Distribution
Percent of People with Each Score
Percentile by Number Answered
Your Score History
You have not taken this quiz